Movie by Prologue Scene Quiz Stats

 Plays Quiz Updated Aug 8, 2018

Challenge
Share
Tweet
Score 0/20 Timer 10:00
43 Plays Today
% Correct
Raiders of the Lost Ark
97%
Up
96.5%
Harry Potter and the Sorcerer's Stone
95.1%
Ted
94.7%
Star Trek
91%
The Mummy
88.7%
The Lord of the Rings: The Fellowship of the Ring
84.6%
Penguins of Madagascar
74.2%
Scream
73.8%
Beauty and the Beast
71.5%
% Correct
Casino Royale
67.4%
Gangs of New York
65%
The Hunchback of Notre Dame
63.4%
Hocus Pocus
62.1%
Moana
53.4%
Reservoir Dogs
45%
Guardians of the Galaxy Vol. 2
38.9%
Power Rangers
23.4%
Bram Stoker's Dracula
23.3%
The Departed
19.6%

You're not logged in!

Compare scores with friends on all Sporcle quizzes.
Join for Free
OR
Log In

You Might Also Like...

Show Comments

Extras

Top Quizzes Today


Score Distribution

Your Account Isn't Verified!

In order to create a playlist on Sporcle, you need to verify the email address you used during registration. Go to your Sporcle Settings to finish the process.

Report this User

Report this user for behavior that violates our Community Guidelines.

Details: